000 00661nam a2200241Ia 4500
003 OSt
005 20220925215515.0
006 a|||||r|||| 00| 0
007 ta
008 220923b |||||||| |||| 00| 0 eng d
037 _cGeneral Book
040 _aRTL
_cRTL
_beng
041 _2eng
_aeng
082 _aY73(P1), G3
100 _aHutchison Graham Seton
_9282968
245 0 _aArya
_b The call of the future
260 _aLondon
_bHutchinson
_c1933
300 _a251p
_ccm.
500 _aEpilogue: P 247-52
650 _aIndian
_9232679
942 _hY73(P1), G3
_cGB
_2CC
999 _c568956
_d568956